000 00518nam a22001697a 4500
005 20251108174648.0
008 250721s2008 xx 000 0 ara d
082 1 4 _a658.8/معل
100 1 _aمعلا، ناجي
_eمؤلف
245 1 0 _aإدارة التسويق : مدخل تحليلي إستراتيجي متكامل /
264 1 _aعمان :
_bاثراء للنشر،
_c2008.
300 _a392 ص.
650 1 7 _aالتسويق
650 1 7 _aاداره الاعمال
942 _2ddc
_cBK
999 _c114792
_d114792